00289nam a2200121Ia 4500008004100000041000900041082001900050100001600069245002500085260004100110300000800151650000800159230718s9999 xx 000 0 und d aEng. a345.491bMEH-T aMehmood, M. 4aThe Registration Act aPakistanbLefal nessaals Courtc2007 a357 aLaw